000 00519cam a2200205ua 4500
001 9361
005 20260515114446.0
008 150813n ii |||gr||||Z||||||asm
040 _cMAIN
041 _aasm
082 _a891.4513N
100 _aChaudhury, Medini,
_eAuthor.
245 1 _aPherengadao
_cby Medini Chaudhury
250 _a3rd ed.
260 _aTihu, Guwahati:
_bChandra prakash,
_c1993.
300 _a415p.
653 _aEast Indo-European & Celtic literatures
653 _aAssamese novel
942 _cBK
999 _c8413
_d8413